[Event "Oberliga Ost-B 0607"]
[Site "Germany"]
[Date "2006.10.15"]
[Round "1.7"]
[White "Jakob, Matthias"]
[Black "Franz, Joachim"]
[Result "0-1"]
[WhiteElo "2082"]
[BlackElo "2157"]
[PlyCount "112"]
[EventDate "2006.10.15"]
[EventType "team-tourn"]
[EventRounds "11"]
[EventCountry "GER"]
[SourceTitle "EXT 2008"]
[Source "ChessBase"]
[SourceDate "2007.11.25"]
[SourceVersion "1"]
[SourceVersionDate "2007.11.25"]
[SourceQuality "1"]
[WhiteTeam "Erfurt Medizin"]
[BlackTeam "Erfurt Empor"]
[WhiteTeamCountry "GER"]
[BlackTeamCountry "GER"]

1. d4 Nf6 2. Nf3 d5 3. e3 Bf5 4. c4 Bxb1 5. Rxb1 e6 6. Qb3 Qc8 7. cxd5 exd5 8. Bd2 a5 9. Bd3 Bd6 10. 0-0 0-0 11. Ne5 c5 12. Qc2 cxd4 13. Qxc8 Rxc8 14. exd4 Nc6 15. Nxc6 Rxc6 16. Rbc1 Bb4 17. Bf4 Rac8 18. Bf5 Rxc1 19. Rxc1 Rxc1+ 20. Bxc1 Ne4 21. Bxe4 dxe4 22. Bf4 a4 23. Kf1 Kf8 24. a3 Be7 25. Ke2 f5 26. f3 exf3+ 27. gxf3 Kf7 28. Kd3 b5 29. Be5 g5 30. d5 Bc5 31. Bd4 Bd6 32. h3 h5 33. Bc3 Bf4 34. Kd4 Ke7 35. Kc5 g4 36. fxg4 fxg4 37. hxg4 h4 38. Bd4 h3 39. Bg1 Be3+ 40. Bxe3 h2 41. Kc6 h1Q 42. Bc5+ Kd8 43. g5 Qe4 44. g6 Qxg6+ 45. Kxb5 Qe8+ 46. Kb6 Qe5 47. Kc6 Qxb2 48. d6 Qg7 49. Kb5 Qd7+ 50. Kb6 Kc8 51. Bb4 Qb7+ 52. Kc5 Kd7 53. Kc4 Kc6 54. Kd4 Qf7 55. Ke5 Qd5+ 56. Kf6 Kd7 0-1

[Event "GER-chT Seniors 15th"]
[Site "Bad Blankenburg"]
[Date "2006.09.05"]
[Round "3.1"]
[White "Striebich, Rudolf"]
[Black "Franz, Joachim"]
[Result "0-1"]
[WhiteElo "2204"]
[BlackElo "2157"]
[PlyCount "86"]
[EventDate "2006.09.03"]
[EventType "team-swiss"]
[EventRounds "7"]
[EventCountry "GER"]
[SourceTitle "CBM 114 Extra"]
[Source "ChessBase"]
[SourceDate "2006.11.03"]
[SourceVersion "1"]
[SourceVersionDate "2006.11.03"]
[SourceQuality "1"]

1. g3 d5 2. Nf3 Nf6 3. Bg2 c6 4. d3 h6 5. Nbd2 Bf5 6. c4 e6 7. a3 Nbd7 8. b4 a5 9. Rb1 axb4 10. axb4 Be7 11. Qc2 0-0 12. 0-0 Qc7 13. e4 dxe4 14. dxe4 Bh7 15. Re1 Rfd8 16. c5 b6 17. Nb3 bxc5 18. bxc5 Ra4 19. Nfd2 Qa7 20. Bb2 Nxc5 21. Bxf6 gxf6 22. Nxc5 Bxc5 23. Nb3 Bb6 24. Rb2 c5 25. Qe2 c4 26. Nc1 Bd4 27. Rc2 Bg6 28. h4 Qa5 29. Rf1 Qh5 30. Bf3 Qe5 31. Kg2 Rc8 32. Nd3 Qb8 33. Nf4 Bh7 34. Rfc1 Qb3 35. Bg4 Be5 36. Nxe6 c3 37. Nf4 Bxe4+ 38. Kh2 Rd8 39. Nh5 Bxc2 40. Rxc2 Qc4 41. Bf3 Qxe2 42. Bxe2 Rxh4+ 43. Kg2 Rb4 0-1

[Event "GER-chT Seniors 15th"]
[Site "Bad Blankenburg"]
[Date "2006.09.04"]
[Round "2.1"]
[White "Franz, Joachim"]
[Black "Fischer, Gerd"]
[Result "1/2-1/2"]
[WhiteElo "2157"]
[BlackElo "2149"]
[PlyCount "61"]
[EventDate "2006.09.03"]
[EventType "team-swiss"]
[EventRounds "7"]
[EventCountry "GER"]
[SourceTitle "CBM 114 Extra"]
[Source "ChessBase"]
[SourceDate "2006.11.03"]
[SourceVersion "1"]
[SourceVersionDate "2006.11.03"]
[SourceQuality "1"]

1. e4 c5 2. Nc3 Nc6 3. g3 d6 4. Bg2 Nf6 5. Nge2 g6 6. d4 cxd4 7. Nxd4 Bd7 8. Nd5 Bg7 9. Nxc6 bxc6 10. Nxf6+ Bxf6 11. c3 Rb8 12. 0-0 0-0 13. Bh6 Re8 14. Qd2 Qa5 15. Rfe1 Rb7 16. Bf4 Reb8 17. b4 Qc7 18. Bg5 Bxg5 19. Qxg5 Be6 20. a3 Kg7 21. Rad1 a5 22. e5 d5 23. Rd4 h6 24. Qd2 c5 25. Rd3 cxb4 26. cxb4 axb4 27. axb4 Rxb4 28. Bxd5 Rb2 29. Qe3 Bxd5 30. Rxd5 Rb1 31. Rdd1 1/2-1/2

[Event "EU-chT Seniors 07th"]
[Site "Dresden"]
[Date "2005.02.21"]
[Round "4"]
[White "Hohler, Peter"]
[Black "Franz, Joachim"]
[Result "0-1"]
[WhiteElo "2248"]
[BlackElo "2209"]
[PlyCount "66"]
[EventDate "2005.02.18"]
[EventType "team-swiss"]
[EventRounds "8"]
[EventCountry "GER"]
[SourceTitle "EXT 2006"]
[Source "ChessBase"]
[SourceDate "2005.11.24"]
[SourceVersion "1"]
[SourceVersionDate "2005.11.24"]
[SourceQuality "1"]

1. Nf3 f5 2. d3 Nf6 3. e4 d6 4. e5 dxe5 5. Nxe5 Nbd7 6. f4 e6 7. Be2 Bd6 8. Nc4 0-0 9. Nc3 Nb6 10. Nxd6 cxd6 11. d4 Bd7 12. 0-0 Rc8 13. Bf3 Bc6 14. Qe1 Re8 15. Kh1 Qd7 16. b3 Bxf3 17. Rxf3 Nbd5 18. Bb2 Qc6 19. Rc1 Nxc3 20. Qxc3 Qxc3 21. Bxc3 Rc6 22. Bb2 Rec8 23. c3 b5 24. Kg1 d5 25. Rf2 Ne4 26. Rfc2 Kf7 27. Kf1 b4 28. Ke2 bxc3 29. Ba1 h6 30. Kd3 g5 31. fxg5 hxg5 32. Bxc3 g4 33. Bd2 Nf2+ 0-1

[Event "EU-chT Seniors 07th"]
[Site "Dresden"]
[Date "2005.02.20"]
[Round "3"]
[White "Sattler, Franz"]
[Black "Franz, Joachim"]
[Result "0-1"]
[WhiteElo "2044"]
[BlackElo "2209"]
[PlyCount "76"]
[EventDate "2005.02.18"]
[EventType "team-swiss"]
[EventRounds "8"]
[EventCountry "GER"]
[SourceTitle "EXT 2006"]
[Source "ChessBase"]
[SourceDate "2005.11.24"]
[SourceVersion "1"]
[SourceVersionDate "2005.11.24"]
[SourceQuality "1"]

1. Nf3 f5 2. c4 Nf6 3. g3 d6 4. d4 g6 5. Bg2 Bg7 6. 0-0 0-0 7. Nc3 Qe8 8. Qb3 Na6 9. c5+ Kh8 10. cxd6 exd6 11. Be3 c6 12. d5 c5 13. Bf4 Qe7 14. Nb5 Rd8 15. Nd2 Nh5 16. Be3 Nc7 17. Nxc7 Qxc7 18. Bg5 Re8 19. e4 fxe4 20. Nxe4 Bf5 21. Rae1 h6 22. Bd2 Re7 23. Bc3 Rae8 24. f3 Rf7 25. Nf2 Rxe1 26. Rxe1 Nf6 27. g4 Bd7 28. Qc2 Kh7 29. Qd1 b5 30. Ne4 Nxe4 31. Bxg7 Kxg7 32. Rxe4 Qd8 33. Qd2 Qf6 34. h3 g5 35. b3 b4 36. Re3 a5 37. Bf1 Rf8 38. Bd3 Qd4 0-1

[Event "GER North-ch Seniors 6th"]
[Site "Bad Bevensen"]
[Date "2003.06.29"]
[Round "9"]
[White "Franz, Joachim"]
[Black "Klein, Leo"]
[Result "1-0"]
[WhiteElo "2128"]
[BlackElo "1853"]
[PlyCount "53"]
[EventDate "2003.06.??"]
[EventType "swiss"]
[EventRounds "9"]
[EventCountry "GER"]
[SourceTitle "EXT 2006"]
[Source "ChessBase"]
[SourceDate "2005.11.24"]
[SourceVersion "1"]
[SourceVersionDate "2005.11.24"]
[SourceQuality "1"]

1. e4 d5 2. exd5 Qxd5 3. Nc3 Qa5 4. d4 c6 5. Nf3 Bg4 6. h3 Bxf3 7. Qxf3 e6 8. Bc4 Nf6 9. Bd2 Bb4 10. 0-0 Nbd7 11. Rfe1 0-0 12. a3 Bxc3 13. Bxc3 Qc7 14. Rad1 Nb6 15. Bb3 Rad8 16. Re5 Nbd5 17. Bd2 b5 18. Rde1 Nd7 19. Rg5 Kh8 20. Bxd5 cxd5 21. Bb4 f6 22. Bxf8 fxg5 23. Be7 Ne5 24. Rxe5 Qxe7 25. Qe2 h6 26. Rxe6 Qb7 27. Qe5 1-0

[Event "GER-ch Seniors 15th"]
[Site "Bad Wiessee"]
[Date "2003.05.16"]
[Round "7"]
[White "Franz, Joachim"]
[Black "Fels, Karl Heinz"]
[Result "1-0"]
[WhiteElo "2128"]
[BlackElo "1837"]
[PlyCount "131"]
[EventDate "2003.05.??"]
[EventType "swiss"]
[EventRounds "9"]
[EventCountry "GER"]
[SourceTitle "EXT 2006"]
[Source "ChessBase"]
[SourceDate "2005.11.24"]
[SourceVersion "1"]
[SourceVersionDate "2005.11.24"]
[SourceQuality "1"]

1. e4 e5 2. Nf3 Nc6 3. Bb5 a6 4. Bxc6 dxc6 5. 0-0 f6 6. d4 Bg4 7. c3 Bd6 8. Be3 Qd7 9. h3 Be6 10. dxe5 Bxe5 11. Nxe5 Qxd1 12. Rxd1 fxe5 13. Nd2 Nf6 14. Bg5 Nd7 15. Nf3 0-0 16. Bh4 Rf4 17. Bg3 Rxf3 18. gxf3 Bxh3 19. Rd2 Kf7 20. Rad1 Ke8 21. Kh2 Be6 22. f4 exf4 23. Bxf4 Rc8 24. f3 h6 25. Kg2 Nf8 26. Be5 g6 27. b3 h5 28. Bg7 Nd7 29. Kg3 Ke7 30. Bh6 Rh8 31. Bg5+ Ke8 32. f4 Rf8 33. Re1 Rg8 34. Kh4 Bg4 35. Re3 Rg7 36. f5 Ne5 37. Bf6 Re7 38. Bxe7 Kxe7 39. fxg6 Nxg6+ 40. Kg5 Ne5 41. Rf2 c5 42. Rf4 Nf7+ 43. Kh4 Ne5 44. Kg3 b5 45. Re1 Nd3 46. Rxg4 hxg4 47. Rh1 Ne5 48. Rh6 a5 49. Ra6 c6 50. Rxa5 c4 51. bxc4 Nxc4 52. Ra7+ Kd6 53. Kxg4 Ke6 54. Kf4 Nb2 55. Ra6 Kd6 56. Kf5 Nc4 57. Ra8 Ne3+ 58. Kf6 Nc4 59. Rd8+ Kc7 60. Rd4 Ne3 61. e5 c5 62. Rd3 Ng4+ 63. Kf5 Nf2 64. Rd2 Nh3 65. e6 b4 66. cxb4 1-0

[Event "GER-ch Seniors 15th"]
[Site "Bad Wiessee"]
[Date "2003.05.12"]
[Round "3"]
[White "Franz, Joachim"]
[Black "Mueller Using, Detlev"]
[Result "1-0"]
[WhiteElo "2128"]
[BlackElo "1898"]
[PlyCount "73"]
[EventDate "2003.05.??"]
[EventType "swiss"]
[EventRounds "9"]
[EventCountry "GER"]
[SourceTitle "EXT 2006"]
[Source "ChessBase"]
[SourceDate "2005.11.24"]
[SourceVersion "1"]
[SourceVersionDate "2005.11.24"]
[SourceQuality "1"]

1. d4 d5 2. Nf3 Bf5 3. c4 e6 4. Nc3 c6 5. Qb3 Qb6 6. c5 Qxb3 7. axb3 Nd7 8. b4 a6 9. b5 cxb5 10. Nxb5 Rc8 11. Nc3 Ngf6 12. b4 Ne4 13. Bd2 Nxc3 14. Bxc3 Be7 15. e3 0-0 16. Be2 h6 17. 0-0 Nf6 18. Rfc1 Ra8 19. Ra2 Rfc8 20. Rca1 Rab8 21. Ne5 Bd6 22. cxd6 Rxc3 23. b5 axb5 24. Ra8 Rc1+ 25. Rxc1 Rxa8 26. d7 Nxd7 27. Nxd7 b4 28. g4 Bg6 29. Ne5 Ra2 30. Nxg6 fxg6 31. Bd3 Kf7 32. Rc7+ Kf6 33. Rxb7 Rd2 34. Bf1 Rb2 35. Kg2 g5 36. Bb5 e5 37. Rb6+ 1-0

[Event "GER-ch Seniors 15th"]
[Site "Bad Wiessee"]
[Date "2003.05.11"]
[Round "2"]
[White "Gudath, Reiner"]
[Black "Franz, Joachim"]
[Result "1/2-1/2"]
[WhiteElo "1871"]
[BlackElo "2128"]
[PlyCount "60"]
[EventDate "2003.05.??"]
[EventType "swiss"]
[EventRounds "9"]
[EventCountry "GER"]
[SourceTitle "EXT 2006"]
[Source "ChessBase"]
[SourceDate "2005.11.24"]
[SourceVersion "1"]
[SourceVersionDate "2005.11.24"]
[SourceQuality "1"]

1. c4 f5 2. Nf3 Nf6 3. Nc3 g6 4. g3 Bg7 5. Bg2 d6 6. d4 0-0 7. 0-0 Qe8 8. d5 Na6 9. Be3 c5 10. Qd2 Nc7 11. a4 Bd7 12. Ne1 b6 13. Bh6 Qf7 14. Bxg7 Qxg7 15. Nd3 a5 16. b3 Rad8 17. Rad1 Kh8 18. e4 fxe4 19. Nxe4 Nxe4 20. Bxe4 Bg4 21. Rde1 e6 22. Nf4 g5 23. Nxe6 Bxe6 24. dxe6 Nxe6 25. Bg2 Nd4 26. Qd3 Rde8 27. Re3 Re5 28. Rxe5 Qxe5 29. Be4 Rf7 30. f3 Re7 1/2-1/2

[Event "Wch Seniors 12th"]
[Site "Naumburg"]
[Date "2002.11.02"]
[Round "11"]
[White "Franz, Joachim"]
[Black "Daniel, Wolfgang"]
[Result "1-0"]
[WhiteElo "2131"]
[BlackElo "1885"]
[PlyCount "95"]
[EventDate "2002.10.21"]
[EventType "swiss"]
[EventRounds "11"]
[EventCountry "GER"]
[SourceTitle "EXT 2006"]
[Source "ChessBase"]
[SourceDate "2005.11.24"]
[SourceVersion "1"]
[SourceVersionDate "2005.11.24"]
[SourceQuality "1"]

1. d4 Nf6 2. c4 d6 3. Nf3 g6 4. g3 Bg7 5. Bg2 0-0 6. Nc3 Nbd7 7. 0-0 e5 8. e4 Re8 9. h3 a5 10. Be3 exd4 11. Nxd4 Nc5 12. Qc2 Bd7 13. Rad1 Qc8 14. Kh2 Re5 15. g4 Bxg4 16. hxg4 Nxg4+ 17. Kg1 Rh5 18. Qe2 Nh2 19. Nd5 Qd8 20. Nf5 Rxf5 21. exf5 Nxf1 22. Kxf1 Qh4 23. Bxc5 dxc5 24. Nxc7 Rc8 25. Nd5 Rf8 26. b3 Bd4 27. Rd3 Kh8 28. Rf3 Qg5 29. fxg6 hxg6 30. Rh3+ Kg7 31. f4 Qf5 32. Qe4 Qg4 33. Rd3 Qh4 34. Qe1 Qh2 35. Rxd4 cxd4 36. Qe5+ f6 37. Qxd4 Qh4 38. Nc7 Rf7 39. Ne6+ Kh7 40. f5 Qg3 41. fxg6+ Qxg6 42. Qh4+ Kg8 43. Be4 f5 44. Qd8+ Kh7 45. Ng5+ Kg7 46. Nxf7 fxe4 47. Nd6 Qe6 48. Qg5+ 1-0

[Event "Wch Seniors 12th"]
[Site "Naumburg"]
[Date "2002.11.01"]
[Round "10"]
[White "Chehlov, Aleksander"]
[Black "Franz, Joachim"]
[Result "1-0"]
[WhiteElo "2274"]
[BlackElo "2131"]
[PlyCount "99"]
[EventDate "2002.10.21"]
[EventType "swiss"]
[EventRounds "11"]
[EventCountry "GER"]
[SourceTitle "EXT 2006"]
[Source "ChessBase"]
[SourceDate "2005.11.24"]
[SourceVersion "1"]
[SourceVersionDate "2005.11.24"]
[SourceQuality "1"]

1. e4 e6 2. d4 d5 3. Nd2 Nf6 4. e5 Nfd7 5. Ngf3 c5 6. c3 Nc6 7. Be2 cxd4 8. cxd4 f6 9. exf6 Nxf6 10. 0-0 Bd6 11. b3 0-0 12. Bb2 Qb6 13. a3 Bd7 14. b4 a6 15. Bd3 Rae8 16. Re1 Re7 17. Nb3 Be8 18. Nc5 Bxc5 19. dxc5 Qc7 20. Ne5 Nd7 21. Nxd7 Qxd7 22. Qc2 h6 23. Be5 Nxe5 24. Rxe5 Rf6 25. Rae1 Bf7 26. a4 Qe8 27. b5 axb5 28. axb5 Bg6 29. Bxg6 Rxg6 30. g3 Rg4 31. Qe2 Rc4 32. Rxd5 exd5 33. Qxe7 Qxe7 34. Rxe7 Rxc5 35. Rxb7 d4 36. Kf1 d3 37. Ke1 Rc1+ 38. Kd2 Rc2+ 39. Kxd3 Rxf2 40. b6 Rxh2 41. Rc7 Rb2 42. b7 Kh7 43. Kc3 Rb1 44. Kc4 h5 45. Kc5 Rb2 46. Rd7 Rb1 47. Kc6 Kh6 48. Rd5 Rxb7 49. Kxb7 g5 50. Rd6+ 1-0

[Event "Wch Seniors 12th"]
[Site "Naumburg"]
[Date "2002.10.22"]
[Round "2"]
[White "Rosen, Willy"]
[Black "Franz, Joachim"]
[Result "1/2-1/2"]
[WhiteElo "2336"]
[BlackElo "2131"]
[PlyCount "62"]
[EventDate "2002.10.21"]
[EventType "swiss"]
[EventRounds "11"]
[EventCountry "GER"]
[SourceTitle "EXT 2006"]
[Source "ChessBase"]
[SourceDate "2005.11.24"]
[SourceVersion "1"]
[SourceVersionDate "2005.11.24"]
[SourceQuality "1"]

1. e4 e6 2. d4 d5 3. Nc3 Bb4 4. e5 c5 5. Bd2 Ne7 6. dxc5 0-0 7. Qg4 Nbc6 8. Nf3 Bxc5 9. Na4 Bb6 10. Nxb6 Qxb6 11. Bc3 Bd7 12. Bd3 Nf5 13. Bxf5 exf5 14. Qf4 Rac8 15. 0-0 Nd8 16. Rfd1 Rc4 17. Nd4 Ne6 18. Qd2 Nc5 19. f3 Rc8 20. Kh1 Na4 21. Ne2 Nxc3 22. bxc3 Be6 23. Rab1 Qc7 24. Qe3 b6 25. g3 h6 26. Kg2 Qc5 27. Qxc5 R8xc5 28. Rb2 Ra5 29. Kf2 Kf8 30. Ke3 Rca4 31. Ra1 Ra3 1/2-1/2

[Event "GER North-ch Seniors 5th"]
[Site "Bad Bevensen"]
[Date "2002.06.29"]
[Round "8"]
[White "Zoller, Wilhelm"]
[Black "Franz, Joachim"]
[Result "0-1"]
[WhiteElo "2095"]
[BlackElo "2192"]
[PlyCount "68"]
[EventDate "2002.06.??"]
[EventType "swiss"]
[EventRounds "9"]
[EventCountry "GER"]
[SourceTitle "EXT 2006"]
[Source "ChessBase"]
[SourceDate "2005.11.24"]
[SourceVersion "1"]
[SourceVersionDate "2005.11.24"]
[SourceQuality "1"]

1. d4 Nf6 2. Nf3 d5 3. c3 e6 4. Bf4 Be7 5. e3 0-0 6. Bd3 c5 7. Nbd2 Nc6 8. Ng5 Bd6 9. Ndf3 Bxf4 10. exf4 Ne4 11. dxc5 f5 12. h4 Qf6 13. Be2 Nxc5 14. Nd4 Bd7 15. Ngf3 Rfd8 16. Nxc6 bxc6 17. Qd4 Ne4 18. 0-0 Rab8 19. Rab1 Rb6 20. Rfc1 c5 21. Qe5 Rdb8 22. b3 Be8 23. Rb2 a5 24. g3 a4 25. Bd1 Bh5 26. Kg2 h6 27. Qc7 Nxc3 28. Bc2 a3 29. Rbb1 Bxf3+ 30. Kxf3 Nxb1 31. Bxb1 c4 32. Qa7 Qb2 33. Re1 Qf6 34. Qd7 cxb3 0-1

[Event "GER North-ch Seniors 5th"]
[Site "Bad Bevensen"]
[Date "2002.06.27"]
[Round "6"]
[White "Schimmelpfennig, Hans"]
[Black "Franz, Joachim"]
[Result "0-1"]
[WhiteElo "1824"]
[BlackElo "2192"]
[PlyCount "102"]
[EventDate "2002.06.??"]
[EventType "swiss"]
[EventRounds "9"]
[EventCountry "GER"]
[SourceTitle "EXT 2006"]
[Source "ChessBase"]
[SourceDate "2005.11.24"]
[SourceVersion "1"]
[SourceVersionDate "2005.11.24"]
[SourceQuality "1"]

1. e4 c5 2. Nf3 Nc6 3. d4 cxd4 4. Nxd4 Nf6 5. Nc3 e5 6. Ndb5 d6 7. Bg5 a6 8. Na3 Be6 9. Nd5 Bxd5 10. Qxd5 Nxd5 11. Bxd8 Nc3 12. bxc3 Rxd8 13. Nc4 d5 14. exd5 Rxd5 15. Rd1 Rxd1+ 16. Kxd1 Bc5 17. f3 Ke7 18. Bd3 Rd8 19. Ke2 b5 20. Nd2 h6 21. Rb1 Ke6 22. g4 g6 23. Nb3 Be7 24. h3 Rc8 25. Nd2 f5 26. Rg1 Bg5 27. h4 Bxd2 28. gxf5+ gxf5 29. Kxd2 Kf6 30. h5 Ne7 31. Rg2 Rc5 32. Rg1 Rd5 33. Ke1 Rd8 34. c4 b4 35. c5 Rc8 36. Bxa6 Rxc5 37. Rg2 Rd5 38. Bd3 Rd4 39. Bb5 Kf7 40. Rh2 Nd5 41. Rd2 Nf4 42. Rxd4 exd4 43. Kd2 Kf6 44. Be8 Kg5 45. Bf7 Nxh5 46. Bxh5 Kxh5 47. Kd3 Kg5 48. Kxd4 Kf4 49. c4 bxc3 50. Kxc3 h5 51. a4 h4 0-1

[Event "GER North-ch Seniors 5th"]
[Site "Bad Bevensen"]
[Date "2002.06.26"]
[Round "5"]
[White "Kasueschke, Gregor"]
[Black "Franz, Joachim"]
[Result "1-0"]
[WhiteElo "2060"]
[BlackElo "2192"]
[PlyCount "57"]
[EventDate "2002.06.??"]
[EventType "swiss"]
[EventRounds "9"]
[EventCountry "GER"]
[SourceTitle "EXT 2006"]
[Source "ChessBase"]
[SourceDate "2005.11.24"]
[SourceVersion "1"]
[SourceVersionDate "2005.11.24"]
[SourceQuality "1"]

1. c4 e5 2. Nc3 Nf6 3. Nf3 Nc6 4. g3 Bb4 5. Qc2 0-0 6. Bg2 Re8 7. 0-0 Bxc3 8. bxc3 e4 9. Nd4 d6 10. Rb1 Nxd4 11. cxd4 b6 12. d3 Bb7 13. d5 exd3 14. exd3 Qd7 15. Bb2 Qf5 16. Rfe1 Rxe1+ 17. Rxe1 Kf8 18. Re3 Ng4 19. Re4 Ne5 20. Qe2 f6 21. f4 Ng6 22. Re6 Rd8 23. Be4 Qh3 24. Bxg6 hxg6 25. Bxf6 Rd7 26. Re8+ Kf7 27. Bg5 Bxd5 28. cxd5 Qf5 29. Rh8 1-0

[Event "GER North-ch Seniors 5th"]
[Site "Bad Bevensen"]
[Date "2002.06.24"]
[Round "3"]
[White "Franz, Joachim"]
[Black "Rychlik, Kurt"]
[Result "1-0"]
[WhiteElo "2192"]
[BlackElo "1796"]
[PlyCount "59"]
[EventDate "2002.06.??"]
[EventType "swiss"]
[EventRounds "9"]
[EventCountry "GER"]
[SourceTitle "EXT 2006"]
[Source "ChessBase"]
[SourceDate "2005.11.24"]
[SourceVersion "1"]
[SourceVersionDate "2005.11.24"]
[SourceQuality "1"]

1. d4 g6 2. c4 Bg7 3. Nf3 d6 4. g3 Nd7 5. Bg2 Ngf6 6. Nc3 0-0 7. 0-0 Re8 8. e4 e5 9. h3 exd4 10. Nxd4 Nc5 11. Re1 c6 12. Bf4 Nh5 13. Be3 a5 14. Qc2 Ne6 15. Rad1 Qc7 16. Qd2 Nxd4 17. Bxd4 Be5 18. Be3 Be6 19. b3 Rad8 20. g4 Ng7 21. Na4 c5 22. Nc3 Qd7 23. f4 Bf6 24. f5 gxf5 25. exf5 Nxf5 26. gxf5 Bxf5 27. Nd5 Bh4 28. Bf2 Rxe1+ 29. Rxe1 Bxf2+ 30. Kxf2 1-0

[Event "GER North-ch Seniors 5th"]
[Site "Bad Bevensen"]
[Date "2002.06.23"]
[Round "2"]
[White "Krueger, Sigurd"]
[Black "Franz, Joachim"]
[Result "0-1"]
[WhiteElo "1836"]
[BlackElo "2192"]
[PlyCount "46"]
[EventDate "2002.06.??"]
[EventType "swiss"]
[EventRounds "9"]
[EventCountry "GER"]
[SourceTitle "EXT 2006"]
[Source "ChessBase"]
[SourceDate "2005.11.24"]
[SourceVersion "1"]
[SourceVersionDate "2005.11.24"]
[SourceQuality "1"]

1. d4 Nf6 2. c4 e6 3. Nc3 Bb4 4. Qc2 0-0 5. Nf3 d5 6. cxd5 exd5 7. Bg5 h6 8. Bxf6 Qxf6 9. e3 c5 10. a3 Bf5 11. Bd3 Bxd3 12. Qxd3 c4 13. Qc2 Bxc3+ 14. Qxc3 Nc6 15. 0-0 Rfe8 16. Nd2 b5 17. Rfe1 a5 18. b4 axb4 19. axb4 Qd6 20. Reb1 Qe7 21. Rxa8 Rxa8 22. g3 Ra2 23. Kg2 Rxd2 0-1

[Event "Bad Bevensen Seniors op 4th"]
[Site "Bad Bevensen"]
[Date "2001.06.24"]
[Round "9"]
[White "Franz, Joachim"]
[Black "Duemmke, Juergen"]
[Result "1-0"]
[WhiteElo "2152"]
[BlackElo "2050"]
[PlyCount "193"]
[EventDate "2001.06.??"]
[EventType "swiss"]
[EventRounds "9"]
[EventCountry "GER"]
[SourceTitle "EXT 2006"]
[Source "ChessBase"]
[SourceDate "2005.11.24"]
[SourceVersion "1"]
[SourceVersionDate "2005.11.24"]
[SourceQuality "1"]

1. e4 e5 2. Nf3 Nc6 3. Bb5 a6 4. Bxc6 dxc6 5. 0-0 Bg4 6. h3 h5 7. d3 Qf6 8. Nbd2 Ne7 9. Re1 Ng6 10. d4 Bd6 11. hxg4 hxg4 12. Nh2 Rxh2 13. Qxg4 Rh4 14. Qf5 Ne7 15. Qxf6 gxf6 16. Nf3 Rh7 17. Be3 Ng6 18. g3 0-0-0 19. Kg2 Rdh8 20. Rh1 b6 21. Rxh7 Rxh7 22. Rh1 Rxh1 23. Kxh1 c5 24. dxe5 Bxe5 25. b3 Bc3 26. Kg2 Kd7 27. Kf1 Ke6 28. Ke2 Ne7 29. Kd3 Be5 30. Nd2 f5 31. f4 Bd4 32. Bxd4 cxd4 33. Kxd4 c5+ 34. Kd3 fxe4+ 35. Nxe4 f5 36. Ng5+ Kf6 37. Nf3 Nc6 38. c3 Ke6 39. Nd2 b5 40. Nf1 Kf6 41. Ne3 Ke6 42. Nc2 Na5 43. Ke3 Nc6 44. Kf3 Ne7 45. Ne3 Ng8 46. g4 fxg4+ 47. Nxg4 Ne7 48. Ne3 Nc8 49. Kg4 Nd6 50. Kf3 Ne8 51. Ke4 Nf6+ 52. Kd3 Nh5 53. Ke4 Nf6+ 54. Kf3 Ne8 55. c4 Nd6 56. Ke2 bxc4 57. Nxc4 Nb5 58. Kd3 Kf5 59. Ne5 Ke6 60. Kc4 Kd6 61. a4 Nd4 62. Nd3 Nc2 63. Nxc5 Ne3+ 64. Kd3 Nd5 65. Nxa6 Nxf4+ 66. Kc4 Nd5 67. Nb4 Ne3+ 68. Kd3 Nf5 69. Nc2 Kc5 70. b4+ Kb6 71. Nd4 Nd6 72. Ne6 Nf5 73. Nd4 Nd6 74. Nb3 Nf5 75. Ke4 Ng3+ 76. Ke5 Ne2 77. Nd4 Nc3 78. a5+ Ka6 79. Kd6 Na4 80. Kc6 Nc3 81. Ne6 Na2 82. Nc7+ Ka7 83. b5 Nb4+ 84. Kd7 Kb7 85. Kd6 Nc2 86. Nd5 Nd4 87. a6+ Ka7 88. Kc5 Nb3+ 89. Kc4 Nd2+ 90. Kb4 Ne4 91. Ka5 Nd6 92. b6+ Kb8 93. Nc7 Nc4+ 94. Kb5 Nd6+ 95. Kc5 Nc8 96. Nd5 Nxb6 97. Kxb6 1-0

[Event "Bad Bevensen Seniors op 4th"]
[Site "Bad Bevensen"]
[Date "2001.06.22"]
[Round "7"]
[White "Franz, Joachim"]
[Black "Hellwege, Werner"]
[Result "1/2-1/2"]
[WhiteElo "2152"]
[BlackElo "2040"]
[PlyCount "80"]
[EventDate "2001.06.??"]
[EventType "swiss"]
[EventRounds "9"]
[EventCountry "GER"]
[SourceTitle "EXT 2006"]
[Source "ChessBase"]
[SourceDate "2005.11.24"]
[SourceVersion "1"]
[SourceVersionDate "2005.11.24"]
[SourceQuality "1"]

1. e4 e5 2. Nf3 Nc6 3. Bb5 f5 4. Bxc6 dxc6 5. Qe2 Bd6 6. d4 fxe4 7. Nxe5 Nf6 8. Bg5 Be6 9. Nd2 0-0 10. Nxe4 Qe8 11. 0-0 Nxe4 12. Qxe4 Qh5 13. Qh4 Qxh4 14. Bxh4 Rf4 15. Nf3 Bd5 16. Bg3 Rg4 17. h3 Re4 18. Rfe1 Rxe1+ 19. Rxe1 Bxf3 20. gxf3 Kf7 21. Kg2 Rd8 22. Re4 Rd7 23. c4 Be7 24. Be5 Bf6 25. f4 Ke6 26. Kf3 Kf5 27. Ke3 g6 28. Bxf6 Kxf6 29. Re5 Rd6 30. h4 Rd7 31. Ke4 Rd6 32. f5 Rd7 33. Re6+ Kf7 34. Re5 Kf6 35. f4 Rd8 36. fxg6 hxg6 37. f5 Rh8 38. Re6+ Kf7 39. Rxg6 Rxh4+ 40. Ke5 Rh2 1/2-1/2

[Event "GER-chT Seniors 09th"]
[Site "Halle"]
[Date "2000.08.25"]
[Round "6.1"]
[White "Franz, Joachim"]
[Black "Groenegress, Wilfried"]
[Result "1-0"]
[WhiteElo "2231"]
[BlackElo "2054"]
[PlyCount "89"]
[EventDate "2000.08.20"]
[EventType "team-tourn"]
[EventRounds "7"]
[EventCountry "GER"]
[SourceTitle "EXT 2002"]
[Source "ChessBase"]
[SourceDate "2001.11.25"]
[SourceVersion "1"]
[SourceVersionDate "2001.11.25"]
[SourceQuality "1"]

1. e4 c6 2. d4 d5 3. exd5 cxd5 4. Bd3 Nc6 5. Ne2 Nf6 6. c3 e5 7. dxe5 Nxe5 8. Bb5+ Bd7 9. Bxd7+ Qxd7 10. Bf4 Ng6 11. 0-0 Be7 12. Be3 0-0 13. Nd2 Rfe8 14. Nf3 b6 15. Bd4 Rad8 16. Re1 Ne4 17. Ng3 Nxg3 18. hxg3 Bc5 19. Qd3 Bxd4 20. Qxd4 Rxe1+ 21. Rxe1 f6 22. Rd1 Ne7 23. Qd3 Nc6 24. Qb5 Ne5 25. Qxd7 Rxd7 26. Nd4 Kf7 27. f3 g6 28. g4 a6 29. Kf2 Rc7 30. Ne2 Rd7 31. Nf4 g5 32. Ne2 Nc6 33. Rh1 Ke6 34. Ke3 Ke5 35. g3 Re7 36. Kd3 Kd6 37. f4 gxf4 38. gxf4 Rg7 39. Rg1 b5 40. Ng3 Ne7 41. Nh5 Rf7 42. Re1 f5 43. g5 h6 44. gxh6 Rh7 45. Ng7 1-0